<?xml version="1.0" encoding="UTF-8"?><?xml-stylesheet type="text/xsl" href="static/style.xsl"?><OAI-PMH xmlns="http://www.openarchives.org/OAI/2.0/" xmlns:xsi="http://www.w3.org/2001/XMLSchema-instance" xsi:schemaLocation="http://www.openarchives.org/OAI/2.0/ http://www.openarchives.org/OAI/2.0/OAI-PMH.xsd"><responseDate>2026-04-13T02:54:34Z</responseDate><request verb="GetRecord" identifier="oai:www.recercat.cat:10256/12812" metadataPrefix="marc">https://recercat.cat/oai/request</request><GetRecord><record><header><identifier>oai:recercat.cat:10256/12812</identifier><datestamp>2024-05-22T11:09:28Z</datestamp><setSpec>com_2072_452966</setSpec><setSpec>com_2072_2054</setSpec><setSpec>col_2072_452968</setSpec></header><metadata><record xmlns="http://www.loc.gov/MARC21/slim" xmlns:dcterms="http://purl.org/dc/terms/" xmlns:xsi="http://www.w3.org/2001/XMLSchema-instance" xmlns:doc="http://www.lyncode.com/xoai" xsi:schemaLocation="http://www.loc.gov/MARC21/slim http://www.loc.gov/standards/marcxml/schema/MARC21slim.xsd">
   <leader>00925njm 22002777a 4500</leader>
   <datafield ind2=" " ind1=" " tag="042">
      <subfield code="a">dc</subfield>
   </datafield>
   <datafield ind2=" " ind1=" " tag="720">
      <subfield code="a">Picamal Ripoll, Ramon</subfield>
      <subfield code="e">author</subfield>
   </datafield>
   <datafield ind2=" " ind1=" " tag="260">
      <subfield code="c">2016-06</subfield>
   </datafield>
   <datafield ind2=" " ind1=" " tag="520">
      <subfield code="a">En aquest treball s'ha desenvolupat una aplicació informàtica per a la comprovació de&#xd;
seccions de formigó armat sotmeses a flexió, flexió i axial i esforç tallant adaptada als codis&#xd;
de disseny més usuals en el nostre entorn i que permet treballar amb més precisió i qualitat.&#xd;
Aquesta aplicació pot ser utilitzada tant per generar gràfiques en futurs projectes com per a&#xd;
finalitats educatives.&#xd;
En el dimensionament d’estructures de formigó sovint s’han d’emprar un conjunt divers&#xd;
d’equacions, l’aplicació de les quals va lligada a uns procediments de comprovació que&#xd;
vénen donats per normatives i codis de disseny, moltes vegades d’obligat compliment.&#xd;
Els procediments de càlculs generats són els més usuals en el nostre entorn i les eines de&#xd;
disseny desenvolupades tenen en compte totes les restriccions, armats mínims i altres&#xd;
condicionants.&#xd;
Les eines de càlcul resultants ens permeten veure les incidències de les variables més&#xd;
influents sobre els esforços que pot resistir la peça mitjançant diagrames, taules o gràfiques</subfield>
   </datafield>
   <datafield ind1="8" ind2=" " tag="024">
      <subfield code="a">http://hdl.handle.net/10256/12812</subfield>
   </datafield>
   <datafield tag="653" ind2=" " ind1=" ">
      <subfield code="a">Formigó armat -- Proves</subfield>
   </datafield>
   <datafield tag="653" ind2=" " ind1=" ">
      <subfield code="a">Assaigs de materials</subfield>
   </datafield>
   <datafield tag="653" ind2=" " ind1=" ">
      <subfield code="a">Resistència de materials</subfield>
   </datafield>
   <datafield tag="653" ind2=" " ind1=" ">
      <subfield code="a">Reinforced concrete</subfield>
   </datafield>
   <datafield tag="653" ind2=" " ind1=" ">
      <subfield code="a">Strength of materials</subfield>
   </datafield>
   <datafield tag="653" ind2=" " ind1=" ">
      <subfield code="a">Materials -- Testing</subfield>
   </datafield>
   <datafield ind2="0" ind1="0" tag="245">
      <subfield code="a">Obtenció i generació de diagrames de disseny per Estat Límit Últim d’elements de formigó armat</subfield>
   </datafield>
</record></metadata></record></GetRecord></OAI-PMH>